Catalog

Record Details

Catalog Search



Postkomunistické nedemokratické režimy : studie k proměnám politické teorie v posttranzitivním čase  Cover Image Book Book

Postkomunistické nedemokratické režimy : studie k proměnám politické teorie v posttranzitivním čase / Jan Holzer, Stanislav Balík

Available copies

  • 1 of 1 copy available at Common Catalog SPOK.

Holds

  • 0 current holds with 1 total copy.
Show Only Available Copies
Location Call Number / Copy Notes Barcode Shelving Location Status Due Date
Jabok Library Soc-5.3 424480023330 Odborná literatura Available -

Electronic resources

Version of Resource: Obsah


LDR 02510nam a2200613 a 4500
0019486
003CZ-PrJAB
00520171107143759.0
007ta
008071010s2007 xr f 000 0 cze
015 . ‡acnb001758271
020 . ‡a978-80-7325-128-4 ‡q(brož.) : ‡cKč 198,00
035 . ‡a(CZ PrNK)nkc20071758271
035 . ‡a(OCoLC)190753712
040 . ‡aABA001 ‡bcze ‡dBOA001
043 . ‡aee----- ‡aec----- ‡aa------
072 7. ‡a321 ‡xPolitologie ‡2Konspekt ‡915
080 . ‡a321.64 ‡2MRF
080 . ‡a321.7+342.34 ‡2MRF
080 . ‡a32:316.42 ‡2MRF
080 . ‡a316.323.7:316.42 ‡2MRF
080 . ‡a321 ‡2MRF
080 . ‡a328/329 ‡2MRF
080 . ‡a(1-66) ‡2MRF
080 . ‡a(048.8) ‡2MRF
1001 . ‡aHolzer, Jan, ‡d1969- ‡7jn20001227544 ‡4aut
24510. ‡aPostkomunistické nedemokratické režimy : ‡bstudie k proměnám politické teorie v posttranzitivním čase / ‡cJan Holzer, Stanislav Balík
250 . ‡a1. vyd.
260 . ‡aBrno : ‡bCentrum pro studium demokracie a kultury, ‡c2007
300 . ‡a223 s. ; ‡c20 cm
4901 . ‡aPolitologická řada ; ‡vsv. č. 25
504 . ‡aObsahuje bibliografii a bibliografické odkazy
65007. ‡aautoritativní režimy ‡7ph121092 ‡zpostkomunistické země ‡2czenas
65007. ‡atotalitní režimy ‡7ph116468 ‡zpostkomunistické země ‡2czenas
65007. ‡ademokracie ‡7ph117182 ‡zpostkomunistické země ‡2czenas
65007. ‡apolitická transformace ‡7ph124242 ‡zpostkomunistické země ‡2czenas
65007. ‡apostkomunismus ‡7ph124401 ‡2czenas
65007. ‡apolitologie ‡7ph115796 ‡zpostkomunistické země ‡2czenas
65009. ‡aauthoritarian regimes ‡zpost-communists countries ‡2eczenas
65009. ‡atotalitarian regimes ‡zpost-communists countries ‡2eczenas
65009. ‡ademocracy ‡zpost-communists countries ‡2eczenas
65009. ‡apolitical transformation ‡zpost-communists countries ‡2eczenas
65009. ‡aPost-communism ‡2eczenas
65009. ‡apolitical science ‡zpost-communists countries ‡2eczenas
651 7. ‡apostkomunistické země ‡7ge137397 ‡xpolitika a vláda ‡2czenas
651 9. ‡apost-communists countries ‡xpolitics and government ‡2eczenas
655 7. ‡astudie ‡7fd133597 ‡2czenas
655 9. ‡astudies ‡2eczenas
7001 . ‡aBalík, Stanislav, ‡d1978- ‡7jn20010309401 ‡4aut
830 0. ‡aPolitologická řada
85641. ‡yObsah ‡uhttp://toc.nkp.cz/NKC/200711/contents/nkc20071758271_1.pdf
910 . ‡aABG312
9289 . ‡aCDK (Centrum pro studium demokracie a kultury)
901 . ‡a9486 ‡bUnknown ‡c9486 ‡tbiblio

Additional Resources